000 00276nam a22001337a 4500
008 181022b xxu||||| |||| 00| 0 eng d
020 _a0155055542
041 _aeng
080 _a316
100 _a50
101 _aSOC
245 _aSociology
_cGiddens,A
942 _2udc
_cBK
999 _c50378
_d50378